¿ Qué sabemos de la medida de las competencias ? : características y problemas psicométricos en la evaluación de competencias (Record no. 161127)

MARC details
000 -CABECERA
campo de control de longitud fija 00636nab a2200205 a 4500
005 - FECHA Y HORA DE LA ÚLTIMA TRANSACCIÓN
campo de control 20210219161639.0
008 - ELEMENTOS DE LONGITUD FIJA--INFORMACIÓN GENERAL
campo de control de longitud fija 991125s1985 mx 000 0 spa u
035 ## - NÚMERO DE CONTROL DEL SISTEMA
Número de control de sistema UPN01000189024
100 1# - ASIENTO PRINCIPAL--NOMBRE PERSONAL
Nombre de persona Castro Morera, María
222 #0 - TÍTULO CLAVE
Título clave BORDON :
222 #0 - TÍTULO CLAVE
Información calificativa REVISTA DE PEDAGOGIA
245 00 - MENCIÓN DE TÍTULO
Título ¿ Qué sabemos de la medida de las competencias ? : características y problemas psicométricos en la evaluación de competencias
260 ## - PUBLICACIÓN, DISTRIBUCIÓN, ETC.
Lugar de publicación, distribución, etc. Madrid, España
300 ## - DESCRIPCIÓN FÍSICA
Extensión 109-123
362 0# - FECHAS DE PUBLICACIÓN Y/O DESIGNACIÓN SECUENCIAL
Fecha de publicación y/o designación secuencial 2011 Vol. 63, no. 1
653 0# - TERMINO DE INDIZACION - NO CONTROLADO
Término no controlado EVALUACION DE COMPETENCIAS
653 0# - TERMINO DE INDIZACION - NO CONTROLADO
Término no controlado EVALUACION EDUCATIVA
653 0# - TERMINO DE INDIZACION - NO CONTROLADO
Término no controlado TESTS
905 ## - TIPO DE MATERIAL
Tipo de material Articulo

No items available.